Správy z Poľska

Podrobná bibliografia
Hlavný autor: Káša, Peter, 1963- (Autor)
Médium: Článok
Jazyk:slovenčina
ISSN:1335-4396
Predmet:

MARC

LEADER 00000nab a2200000 ar4500
001 vtls008841596
003 SK-MaSNL
005 20260303233407.0
008 060823c1997 xo |r|p|||||||000 b|slo
015 |a SNBRB2006/08 
038 |a SNKBUCL 
040 |a SNKBUCL  |b slo  |c SNKBUCL  |e AACR2 
041 0 |a slo 
044 |a xo  |c SK 
080 |a 323.113(=162.4)(438)  |2 2001 
080 |a 316.022.4(=162.4)(438)  |2 2001 
100 1 |a Káša, Peter,  |d 1963-  |4 aut  |9 110658 
245 1 0 |a Správy z Poľska  |c Peter Káša 
650 0 7 |a Slováci v zahraničí  |2 snkbucl  |9 14695 
651 7 |a Poľsko  |2 snkbucl  |9 16755 
773 0 |t Slovenské zahraničie  |g Roč. II, č. 1 (1997), s. 21-22  |x 1335-4396 
852 |a SNK  |b KIS3GCP 
958 |a SK 
958 |a PL 
999 |c 2514957  |d 2516887